[Event "Schachfestival IM 2018"]
[Site "Lueneburg"]
[Date "2018.07.05"]
[Round "2"]
[White "Light, Bjarne"]
[Black "Mirzoev, Azer"]
[Result "0-1"]
[WhiteElo "2177"]
[BlackElo "2506"]
[Annotator "TA"]
[PlyCount "122"]
[EventDate "2018.07.05"]
[EventType "tourn"]
[EventCountry "GER"]
[SourceTitle "playchess.com"]
[Source "ChessBase"]
[SourceQuality "1"]

{[%evp 20,122,65,9,13,2,59,57,58,54,94,48,60,53,62,65,68,59,81,73,68,72,56,27,22,-9,10,16,62,15,10,9,18,0,0,0,-3,-20,-27,-23,-22,-25,0,-67,-74,-72,-70,-79,-71,-77,-68,-127,-100,-176,-179,-245,-245,-245,-238,-256,-241,-245,-229,-216,-208,-318,-233,-239,-212,-285,-187,-396,-391,-355,-191,-251,-262,-279,-277,-255,0,-268,-263,-595,-580,-555,-457,-444,-440,-381,-389,-531,-519,-527,-510,-529,-521,-598,-387,-6083,-5875,-5808,-5722,-5627,-5427]} 1. d4 d5 2. Bf4 c5 3. e3 Nc6 4. c3 Nf6 5. Nd2 e6 6. Ngf3 Nh5 7. Bg5 {[%cal Bf4g5,Bg5h4,Bh4g3,Bg3e5][%mdl 32] D02: 1 d4 d5 2 Nf3 sidelines, including 2...Nf6 3 g3 and 2...Nf6 3 Bf4} Qb6 (7... Qc7 8. Ne5 g6 9. Nxc6 bxc6 10. Be2 Rb8 11. Rb1 h6 12. Bh4 g5 13. Bxh5 gxh4 14. O-O Bd6 {1-0 (53) Harikrishna,P (2732)-Navara,D (2727) Prague 2018}) 8. Rb1 h6 9. Bh4 g5 10. Ne5 Ng7 11. Nxc6 {LiveBook: 3 Games} (11. Bg3 $1 $14) 11... bxc6 $11 12. Bg3 Nf5 ({Black should try} 12... cxd4 $11 13. cxd4 (13. exd4 Be7 $11) 13... Be7) 13. Be5 $14 Rg8 $146 ({Predecessor:} 13... Bg7 14. Bxg7 Nxg7 {½-½ (65) Ju,W (2568)-Xiao,Y (2363) China 2018}) 14. Be2 Be7 15. h3 cxd4 16. cxd4 f6 17. Bh2 Kf7 18. O-O a5 19. Qc2 c5 20. dxc5 Qxc5 21. Qd1 Qb6 22. Nb3 Ba6 23. Bxa6 Rxa6 24. Nd4 Nxd4 25. exd4 Rc8 26. b3 Kg7 27. Qd3 Qa7 28. Rbc1 Rac6 29. Rxc6 Rxc6 30. Bg3 Bb4 31. Rd1 ({White should play} 31. Qe3 $11) 31... Qa6 $15 32. Qxa6 Rxa6 $17 {[%mdl 4096] Endgame KRB-KRB} 33. Rc1 Kg6 34. Kf1 h5 {[%cal Bh6h5,Bh5h4][%mdl 32]} 35. Ke2 (35. Bb8 $15) 35... h4 36. Bh2 (36. Bc7 $17 {was worth a try.}) 36... a4 $19 37. Kd3 (37. Rd1 $142) 37... axb3 38. axb3 Ra3 39. Rb1 Ra2 40. Ke3 Rc2 41. Bb8 Kf5 42. Ba7 (42. Rd1 {is a better defense.}) 42... Rc3+ 43. Ke2 Ke4 44. Rb2 Ba3 45. f3+ $2 {[#]} (45. Rb1) 45... Kf4 46. Bb8+ Kf5 (46... e5 $142 47. Rd2 Re3+ 48. Kf1 Rxb3) 47. Rb1 (47. Rd2 {keeps fighting.}) 47... Bb4 48. Rb2 Rc1 49. Ba7 Rc3 50. Bb8 $1 e5 51. dxe5 $2 {[#]} (51. Ba7) 51... fxe5 52. Kd1 Rc8 53. Ba7 d4 54. Rc2 Bc3 55. Ke2 Rc7 56. Ra2 Bb4 57. Bb6 Rc3 58. Rb2 Re3+ 59. Kd1 $2 (59. Kf2 Rc3 60. Ba7) 59... Re1+ {Black is clearly winning.} 60. Kc2 Re2+ 61. Kb1 d3 {Precision: White = 34%, Black = 69%.} 0-1

[Event "Schachfestival IM 2018"]
[Site "Lueneburg"]
[Date "2018.07.07"]
[Round "3"]
[White "Lubbe, Melanie"]
[Black "Sriram, Jha"]
[Result "0-1"]
[WhiteElo "2332"]
[BlackElo "2409"]
[Annotator "ChessBase"]
[PlyCount "92"]
[EventDate "2018.07.05"]
[EventType "tourn"]
[EventCountry "GER"]
[SourceTitle "playchess.com"]
[Source "ChessBase"]
[SourceQuality "1"]
[TimeControl "40/5400+30:1800+30"]

1. e4 {[%emt 0:00:00]} c5 {[%emt 0:00:26]} 2. Nf3 {[%emt 0:00:00]} d6 {[%emt 0:00:41]} 3. d4 {[%emt 0:00:00]} cxd4 {[%emt 0:00:04]} 4. Nxd4 {[%emt 0:00:00]} Nf6 {[%emt 0:00:20]} 5. Nc3 {[%emt 0:00:00]} g6 {[%emt 0:00:38]} 6. Be2 {[%emt 0:00:40]} Bg7 {[%emt 0:00:09]} 7. O-O {[%emt 0:00:20]} Nc6 {[%emt 0:00:13]} 8. Nb3 {[%emt 0:00:38]} O-O {[%emt 0:00:13]} 9. Bg5 {[%emt 0:00:15]} Be6 {[%emt 0:01:38]} 10. Kh1 {[%emt 0:01:40]} Rc8 {[%emt 0:01:47]} 11. f4 {[%emt 0:00:44]} a6 {[%emt 0:00:49]} 12. f5 {[%emt 0:07:36]} Bd7 {[%emt 0:00:07]} 13. Qe1 {[%emt 0:10:25]} Ne5 {[%emt 0:02:37]} 14. Qh4 {[%emt 0:05:21]} b5 {[%emt 0:11:57]} 15. a3 {[%emt 0:11:25]} Rxc3 {[%emt 0:29:58]} 16. bxc3 {[%emt 0:12:47]} Qc8 {[%emt 0:00:39]} 17. fxg6 {[%emt 0:03:32]} Nxg6 {[%emt 0:00:51]} 18. Qg3 {[%emt 0:05:16]} Nxe4 {[%emt 0:01:55]} 19. Qe3 {[%emt 0:00:14]} Nxg5 {[%emt 0:06:39]} 20. Qxg5 {[%emt 0:00:06]} Qxc3 {[%emt 0:00:23]} 21. Bd3 {[%emt 0:05:29]} Qe5 {[%emt 0:03:11]} 22. Qd2 {[%emt 0:01:37]} Qh5 {[%emt 0:00:56]} 23. Rae1 {[%emt 0:05:46]} Be5 {[%emt 0:00:43]} 24. h3 {[%emt 0:03:23]} Be6 {[%emt 0:08:56]} 25. Be4 {[%emt 0:08:27]} Qh4 {[%emt 0:02:33]} 26. Qe3 {[%emt 0:06:41]} Rc8 {[%emt 0:07:54]} 27. Rd1 {[%emt 0:04:30]} Rc4 {[%emt 0:08:51]} 28. Bd3 {[%emt 0:03:32]} Rc3 {[%emt 0:01:27]} 29. Nd2 {[%emt 0:01:00]} Bd5 {[%emt 0:01:50]} 30. Nb1 {[%emt 0:01:11]} Bd4 {[%emt 0:01:43]} 31. Nxc3 {[%emt 0:01:06]} Bxe3 {[%emt 0:00:06]} 32. Nxd5 {[%emt 0:00:03]} Bg5 {[%emt 0:01:26]} 33. Bxg6 {[%emt 0:01:28]} hxg6 {[%emt 0:00:11]} 34. Rd3 {[%emt 0:00:17]} Qc4 {[%emt 0:01:03]} 35. Nc3 {[%emt 0:01:20]} Kg7 {[%emt 0:01:02]} 36. Rdf3 {[%emt 0:00:13]} Bf6 {[%emt 0:00:10]} 37. Nd1 {[%emt 0:00:30]} Qxc2 {[%emt 0:00:17]} 38. Ne3 {[%emt 0:00:24]} Qa2 {[%emt 0:00:07]} 39. g4 {[%emt 0:00:49]} Bd4 {[%emt 0:01:34]} 40. Ng2 {[%emt 0:00:39]} Qd5 {[%emt 0:02:00]} 41. h4 {[%emt 0:04:27]} e5 {[%emt 0:06:53]} 42. h5 {[%emt 0:07:58]} e4 {[%emt 0:01:40]} 43. Rf4 {[%emt 0:01:43]} e3 {[%emt 0:04:04]} 44. g5 {[%emt 0:06:08]} gxh5 {[%emt 0:01:54]} 45. Rf5 {[%emt 0:00:52]} e2 {[%emt 0:00:16]} 46. R1f3 {[%emt 0:00:33]} Be5 {[%emt 0:01:12]} 0-1

[Event "Schachfestival IM 2018"]
[Site "Lueneburg"]
[Date "2018.07.07"]
[Round "3"]
[White "Polster, Christian"]
[Black "Fuchs, Judith"]
[Result "1-0"]
[WhiteElo "2286"]
[BlackElo "2289"]
[Annotator "NA"]
[PlyCount "93"]
[EventDate "2018.07.05"]
[EventType "tourn"]
[EventCountry "GER"]
[SourceTitle "playchess.com"]
[Source "ChessBase"]
[SourceQuality "1"]
[TimeControl "40/5400+30:1800+30"]

1. e4 {[%emt 0:00:00]} c5 {[%emt 0:00:00]} 2. Nc3 {[%emt 0:00:00]} Nc6 {[%emt 0:00:00]} 3. Nf3 {[%emt 0:00:40]} b6 {[%emt 0:04:17]} 4. d4 {[%emt 0:04:14]} cxd4 {[%emt 0:00:09]} 5. Nxd4 {[%emt 0:00:08]} Bb7 {[%emt 0:00:10]} 6. Be3 {[%emt 0:02:42]} Nf6 {[%emt 0:04:39]} 7. f3 {[%emt 0:04:13]} e6 {[%emt 0:06:10]} 8. Qd2 {[%emt 0:05:50]} Bb4 {[%emt 0:13:24]} 9. a3 {[%emt 0:06:22]} Bxc3 {[%emt 0:05:47]} 10. Qxc3 {[%emt 0:00:15]} O-O {[%emt 0:00:25]} 11. Nxc6 {[%emt 0:15:24]} Bxc6 {[%emt 0:00:41]} 12. Ba6 {[%emt 0:04:50]} Ne8 {[%emt 0:07:24]} 13. a4 {[%emt 0:02:34]} Nc7 {[%emt 0:01:25]} 14. Bd3 {[%emt 0:01:59]} f5 {[%emt 0:02:23]} 15. exf5 {[%emt 0:03:26]} Nd5 {[%emt 0:00:16]} 16. Qd2 {[%emt 0:04:16]} Nxe3 {[%emt 0:03:19]} 17. Qxe3 {[%emt 0:00:10]} exf5 {[%emt 0:00:48]} 18. O-O {[%emt 0:01:07]} Qf6 {[%emt 0:01:13]} 19. c3 {[%emt 0:02:42]} Rfe8 {[%emt 0:03:36]} 20. Qf4 {[%emt 0:04:22]} Re5 {[%emt 0:03:29]} 21. Rfe1 {[%emt 0:05:45]} Rae8 {[%emt 0:03:09]} 22. Rxe5 {[%emt 0:00:41]} Rxe5 {[%emt 0:00:27]} 23. Bc4+ {[%emt 0:02:38]} Kh8 {[%emt 0:01:36]} 24. Qd4 {[%emt 0:08:24]} Qe7 {[%emt 0:01:57]} 25. Kf2 {[%emt 0:01:33]} h6 {[%emt 0:07:09]} 26. b4 {[%emt 0:01:44]} Kh7 {[%emt 0:08:04]} 27. b5 {[%emt 0:02:01]} Bb7 {[%emt 0:00:34]} 28. a5 {[%emt 0:01:24]} d6 {[%emt 0:14:05]} 29. axb6 {[%emt 0:02:53]} axb6 {[%emt 0:00:01]} 30. Ra7 {[%emt 0:01:02]} Rc5 {[%emt 0:01:02]} 31. g3 {[%emt 0:03:15]} Rc7 {[%emt 0:05:23]} 32. Bd3 {[%emt 0:03:50]} Qg5 {[%emt 0:00:30]} 33. Qe3 {[%emt 0:02:20]} Qh5 {[%emt 0:01:10]} 34. Kg1 {[%emt 0:01:25]} Qf7 {[%emt 0:01:27]} 35. Qxb6 {[%emt 0:02:26]} Re7 {[%emt 0:00:40]} 36. Qf2 {[%emt 0:00:46]} Qd5 {[%emt 0:00:32]} 37. Bf1 {[%emt 0:00:32]} Kh8 {[%emt 0:00:30]} 38. c4 {[%emt 0:00:21]} Qd1 {[%emt 0:00:22]} 39. Ra3 {[%emt 0:00:37]} f4 {[%emt 0:00:31]} 40. Rd3 {[%emt 0:00:29]} fxg3 {[%emt 0:00:31]} 41. Rxd1 {[%emt 0:01:36]} gxf2+ {[%emt 0:00:06]} 42. Kxf2 {[%emt 0:00:07]} Rf7 {[%emt 0:03:02]} 43. Be2 {[%emt 0:02:41]} g5 {[%emt 0:07:32]} 44. Rxd6 {[%emt 0:02:28]} g4 {[%emt 0:00:04]} 45. c5 {[%emt 0:01:07]} Be4 {[%emt 0:01:32]} 46. c6 {[%emt 0:01:31]} gxf3 {[%emt 0:00:23]} 47. Bd3 {[%emt 0:00:45]} 1-0

[Event "Schachfestival IM 2018"]
[Site "Lueneburg"]
[Date "2018.07.08"]
[Round "4"]
[White "Mirzoev, Azer"]
[Black "Pubantz, Jan"]
[Result "1-0"]
[WhiteElo "2506"]
[BlackElo "1997"]
[Annotator "RC"]
[PlyCount "95"]
[EventDate "2018.07.05"]
[EventType "tourn"]
[EventCountry "GER"]
[SourceTitle "playchess.com"]
[Source "ChessBase"]
[SourceQuality "1"]
[TimeControl "40/5400+30:1800+30"]

1. d4 {[%emt 0:05:16]} Nf6 {[%emt 0:00:00]} 2. Nf3 {[%emt 0:00:16]} d5 {[%emt 0:00:06]} 3. c4 {[%emt 0:00:05]} e6 {[%emt 0:00:25]} 4. Nc3 {[%emt 0:00:14]} dxc4 {[%emt 0:00:47]} 5. e3 {[%emt 0:00:06]} a6 {[%emt 0:00:12]} 6. a4 {[%emt 0:00:10]} c5 {[%emt 0:04:58]} 7. Bxc4 {[%emt 0:02:38]} Nc6 {[%emt 0:00:32]} 8. O-O {[%emt 0:00:10]} Bd6 {[%emt 0:08:35]} 9. h3 {[%emt 0:02:47]} O-O {[%emt 0:00:14]} 10. Qe2 {[%emt 0:00:23]} b6 {[%emt 0:06:28]} 11. Rd1 {[%emt 0:03:53]} Qc7 {[%emt 0:02:57]} 12. d5 {[%emt 0:03:36]} exd5 {[%emt 0:04:42]} 13. Nxd5 {[%emt 0:00:05]} Nxd5 {[%emt 0:01:10]} 14. Bxd5 {[%emt 0:00:04]} Bb7 {[%emt 0:07:03]} 15. e4 {[%emt 0:05:17]} Rae8 {[%emt 0:14:38]} 16. Be3 {[%emt 0:02:54]} Bf4 {[%emt 0:04:48]} 17. Bxf4 {[%emt 0:13:25]} Qxf4 {[%emt 0:00:11]} 18. Ra3 {[%emt 0:09:18]} Re7 {[%emt 0:08:45]} 19. Re3 {[%emt 0:01:13]} Rfe8 {[%emt 0:02:21]} 20. b3 {[%emt 0:08:17]} Qc7 {[%emt 0:03:27]} 21. e5 {[%emt 0:09:32]} Nd8 {[%emt 0:06:39]} 22. Bxb7 {[%emt 0:02:20]} Qxb7 {[%emt 0:00:09]} 23. Nh4 {[%emt 0:00:53]} g6 {[%emt 0:04:49]} 24. Qg4 {[%emt 0:00:45]} Qc7 {[%emt 0:06:25]} 25. f4 {[%emt 0:01:34]} Nc6 {[%emt 0:03:21]} 26. Nf5 {[%emt 0:02:08]} Re6 {[%emt 0:00:05]} 27. Kh2 {[%emt 0:04:33]} Rd8 {[%emt 0:05:07]} 28. Nd6 {[%emt 0:02:05]} Qe7 {[%emt 0:00:46]} 29. Rg3 {[%emt 0:01:23]} Nd4 {[%emt 0:01:05]} 30. b4 {[%emt 0:01:17]} Kf8 {[%emt 0:01:44]} 31. Rgd3 {[%emt 0:04:40]} Rxe5 {[%emt 0:02:24]} 32. Nxf7 {[%emt 0:01:13]} Kxf7 {[%emt 0:00:29]} 33. fxe5 {[%emt 0:00:04]} Qxe5+ {[%emt 0:00:13]} 34. Kh1 {[%emt 0:00:06]} Kg7 {[%emt 0:00:45]} 35. bxc5 {[%emt 0:00:09]} bxc5 {[%emt 0:00:09]} 36. Qg3 {[%emt 0:01:54]} Qxg3 {[%emt 0:00:49]} 37. Rxg3 {[%emt 0:00:06]} Kf6 {[%emt 0:00:36]} 38. Rb1 {[%emt 0:00:17]} Rd6 {[%emt 0:00:19]} 39. Rb7 {[%emt 0:00:17]} h5 {[%emt 0:00:31]} 40. a5 {[%emt 0:00:48]} Ne2 {[%emt 0:00:43]} 41. Rf3+ {[%emt 0:30:20]} Kg5 {[%emt 0:30:13]} 42. Re7 {[%emt 0:05:19]} Rd2 {[%emt 0:00:00]} 43. Re5+ {[%emt 0:00:00]} Kh6 {[%emt 0:00:00]} 44. Rxc5 {[%emt 0:00:00]} h4 {[%emt 0:00:00]} 45. Kh2 {[%emt 0:00:00]} Rd1 {[%emt 0:00:00]} 46. Rc4 {[%emt 0:00:00]} Kh5 {[%emt 0:00:00]} 47. Rf8 {[%emt 0:00:00]} g5 {[%emt 0:00:00]} 48. Rc6 {[%emt 0:00:00]} 1-0

[Event "Schachfestival IM 2018"]
[Site "Lueneburg"]
[Date "2018.07.08"]
[Round "4"]
[White "Simantsev, Mikhail"]
[Black "Polster, Christian"]
[Result "1-0"]
[WhiteElo "2434"]
[BlackElo "2286"]
[Annotator "ChessBase"]
[PlyCount "82"]
[EventDate "2018.07.05"]
[EventType "tourn"]
[EventCountry "GER"]
[SourceTitle "playchess.com"]
[Source "ChessBase"]
[SourceQuality "1"]
[TimeControl "40/5400+30:1800+30"]

1. d4 {[%emt 0:04:12]} Nf6 {[%emt 0:00:00]} 2. c4 {[%emt 0:01:15]} e6 {[%emt 0:00:00]} 3. Nf3 {[%emt 0:01:37]} c5 {[%emt 0:00:09]} 4. d5 {[%emt 0:00:28]} d6 {[%emt 0:00:13]} 5. Nc3 {[%emt 0:00:05]} exd5 {[%emt 0:00:08]} 6. cxd5 {[%emt 0:00:02]} g6 {[%emt 0:00:12]} 7. Bf4 {[%emt 0:00:37]} a6 {[%emt 0:03:21]} 8. a4 {[%emt 0:03:47]} Bg7 {[%emt 0:00:15]} 9. h3 {[%emt 0:00:16]} O-O {[%emt 0:00:20]} 10. e3 {[%emt 0:00:02]} Re8 {[%emt 0:00:29]} 11. Nd2 {[%emt 0:00:27]} Nbd7 {[%emt 0:00:17]} 12. Be2 {[%emt 0:00:04]} Ne5 {[%emt 0:00:26]} 13. O-O {[%emt 0:00:19]} Nfd7 {[%emt 0:00:33]} 14. Re1 {[%emt 0:02:19]} f5 {[%emt 0:01:23]} 15. Qb3 {[%emt 0:09:45]} b6 {[%emt 0:07:25]} 16. Bg3 {[%emt 0:17:06]} Bb7 {[%emt 0:04:25]} 17. Rad1 {[%emt 0:08:43]} Rb8 {[%emt 0:03:48]} 18. e4 {[%emt 0:07:48]} Rf8 {[%emt 0:15:30]} 19. exf5 {[%emt 0:09:32]} gxf5 {[%emt 0:00:45]} 20. f4 {[%emt 0:11:24]} Nf7 {[%emt 0:09:10]} 21. Bd3 {[%emt 0:04:18]} Nh6 {[%emt 0:03:45]} 22. Qc2 {[%emt 0:03:50]} Nf6 {[%emt 0:24:23]} 23. Bh4 {[%emt 0:02:11]} Bc8 {[%emt 0:01:05]} 24. Nf3 {[%emt 0:00:33]} Qc7 {[%emt 0:03:56]} 25. Ng5 {[%emt 0:05:03]} c4 {[%emt 0:00:50]} 26. Bf1 {[%emt 0:00:01]} b5 {[%emt 0:00:59]} 27. axb5 {[%emt 0:00:01]} axb5 {[%emt 0:00:07]} 28. Ne6 {[%emt 0:00:18]} Bxe6 {[%emt 0:05:29]} 29. dxe6 {[%emt 0:00:01]} Kh8 {[%emt 0:06:44]} 30. Kh2 {[%emt 0:00:56]} Nhg8 {[%emt 0:01:14]} 31. Qxf5 {[%emt 0:03:11]} Ne7 {[%emt 0:01:45]} 32. Qc2 {[%emt 0:01:04]} b4 {[%emt 0:01:07]} 33. Bxf6 {[%emt 0:02:44]} Bxf6 {[%emt 0:00:10]} 34. Nd5 {[%emt 0:00:25]} Nxd5 {[%emt 0:02:17]} 35. Rxd5 {[%emt 0:00:01]} Rbc8 {[%emt 0:03:55]} 36. Qe4 {[%emt 0:00:58]} Rg8 {[%emt 0:00:51]} 37. Rf5 {[%emt 0:01:25]} Qe7 {[%emt 0:00:25]} 38. Bxc4 {[%emt 0:00:13]} Rcf8 {[%emt 0:00:35]} 39. b3 {[%emt 0:00:22]} Bc3 {[%emt 0:00:26]} 40. Rf7 {[%emt 0:01:57]} Qh4 {[%emt 0:00:36]} 41. Re3 {[%emt 0:30:31]} Bg7 {[%emt 0:05:51]} 1-0

[Event "Schachfestival IM 2018"]
[Site "Lueneburg"]
[Date "2018.07.08"]
[Round "4"]
[White "Sriram, Jha"]
[Black "Wenzel, Birger"]
[Result "1-0"]
[WhiteElo "2409"]
[BlackElo "2084"]
[Annotator "ChessBase"]
[PlyCount "53"]
[EventDate "2018.07.05"]
[EventType "tourn"]
[EventCountry "GER"]
[SourceTitle "playchess.com"]
[Source "ChessBase"]
[SourceQuality "1"]
[TimeControl "40/5400+30:1800+30"]

1. d4 {[%emt 0:00:02]} d6 {[%emt 0:00:00]} 2. e4 {[%emt 0:01:55]} Nf6 {[%emt 0:00:00]} 3. f3 {[%emt 0:00:26]} d5 {[%emt 0:00:00]} 4. e5 {[%emt 0:00:46]} Nfd7 {[%emt 0:00:03]} 5. f4 {[%emt 0:01:49]} c5 {[%emt 0:00:07]} 6. Nf3 Nc6 7. c3 {[%emt 0:22:23]} cxd4 {[%emt 0:00:43]} 8. cxd4 {[%emt 0:04:28]} Nb6 {[%emt 0:00:09]} 9. Be2 {[%emt 0:02:28]} Bg4 {[%emt 0:01:11]} 10. O-O {[%emt 0:01:19]} e6 {[%emt 0:00:57]} 11. b3 {[%emt 0:04:00]} Rc8 {[%emt 0:02:59]} 12. Bb2 {[%emt 0:01:03]} Be7 {[%emt 0:01:42]} 13. h3 {[%emt 0:02:22]} Bxf3 {[%emt 0:02:58]} 14. Rxf3 {[%emt 0:01:07]} g6 {[%emt 0:05:44]} 15. Nd2 {[%emt 0:02:52]} h5 {[%emt 0:01:16]} 16. Rc1 {[%emt 0:01:45]} h4 {[%emt 0:02:52]} 17. Rfc3 {[%emt 0:11:00]} Na8 {[%emt 0:17:57]} 18. Nf3 {[%emt 0:02:02]} Qb6 {[%emt 0:00:34]} 19. a3 {[%emt 0:06:31]} Nc7 {[%emt 0:01:02]} 20. b4 {[%emt 0:05:57]} a6 {[%emt 0:08:25]} 21. Kh1 {[%emt 0:01:23]} Kd7 {[%emt 0:09:16]} 22. Qd3 Na7 {[%emt 0:05:24]} 23. R3c2 {[%emt 0:06:24]} Na8 {[%emt 0:02:59]} 24. Rc5 {[%emt 0:03:56]} Qd8 {[%emt 0:10:57]} 25. Rxc8 {[%emt 0:00:26]} Nxc8 {[%emt 0:00:07]} 26. Qb5+ {[%emt 0:00:10]} axb5 {[%emt 0:00:22]} 27. Bxb5# {[%emt 0:00:02]} 1-0

[Event "Schachfestival IM 2018"]
[Site "Lueneburg"]
[Date "2018.07.08"]
[Round "4"]
[White "Kuberczyk, Christoph"]
[Black "Fuchs, Judith"]
[Result "1/2-1/2"]
[WhiteElo "2225"]
[BlackElo "2289"]
[Annotator "NA"]
[PlyCount "73"]
[EventDate "2018.07.05"]
[EventType "tourn"]
[EventCountry "GER"]
[SourceTitle "playchess.com"]
[Source "ChessBase"]
[SourceQuality "1"]
[TimeControl "40/5400+30:1800+30"]

1. d4 {[%emt 0:00:00]} Nf6 {[%emt 0:00:00]} 2. c4 {[%emt 0:00:00]} e6 {[%emt 0:00:00]} 3. Nf3 {[%emt 0:00:00]} Bb4+ {[%emt 0:00:00]} 4. Bd2 {[%emt 0:00:01]} c5 {[%emt 0:00:00]} 5. Bxb4 {[%emt 0:00:16]} cxb4 {[%emt 0:00:05]} 6. g3 {[%emt 0:00:34]} b6 {[%emt 0:01:00]} 7. Bg2 {[%emt 0:02:18]} Bb7 {[%emt 0:00:13]} 8. O-O {[%emt 0:21:40]} O-O {[%emt 0:01:06]} 9. a3 {[%emt 0:01:26]} Qe7 {[%emt 0:09:56]} 10. Qb3 {[%emt 0:26:54] E16: Queen's Indian: 4 g3 Bb7 5 Bg2 Bb4+} Nc6 {[%emt 0:06:13]} 11. Nbd2 {[%emt 0:01:28]} bxa3 {[%emt 0:11:36]} 12. Qxa3 {[%emt 0:00:54]} Qxa3 $146 {[%emt 0:01:09]} ({Predecessor:} 12... Nb4 13. Rac1 Ne4 14. Nxe4 Bxe4 15. Ne5 Bxg2 16. Kxg2 a5 17. Nd3 Rfc8 {½-½ (66) Shen,Y (2443)-Hou,Y (2602) Ningbo 2011}) 13. Rxa3 {[%emt 0:00:10]} Nb4 {[%emt 0:02:04]} 14. Rc1 {[%emt 0:03:11]} d6 {[%emt 0:04:55]} 15. Rb3 {[%emt 0:08:39]} a5 {[%emt 0:00:24]} 16. Ne1 {[%emt 0:03:27]} Rab8 {[%emt 0:05:09]} 17. Nd3 {[%emt 0:01:30]} Nxd3 {[%emt 0:05:58]} 18. Rxd3 {[%emt 0:00:01]} Rfc8 {[%emt 0:01:52]} 19. Bxb7 {[%emt 0:13:05]} Rxb7 {[%emt 0:00:05]} 20. b4 {[%emt 0:01:50]} a4 {[%emt 0:21:25]} 21. b5 {[%emt 0:00:14]} Kf8 {[%emt 0:04:03]} 22. Ra3 {[%emt 0:01:34]} Ra7 {[%emt 0:00:18]} 23. Rca1 {[%emt 0:00:33]} Rca8 {[%emt 0:01:07]} 24. Nb1 {[%emt 0:00:30]} d5 {[%emt 0:02:44]} 25. c5 {[%emt 0:00:26]} bxc5 {[%emt 0:02:46]} 26. dxc5 {[%emt 0:00:27]} Ne4 {[%emt 0:00:37]} 27. c6 {[%emt 0:03:44]} Rb8 {[%emt 0:01:28]} 28. Nc3 {[%emt 0:01:26]} Nxc3 {[%emt 0:03:49]} 29. Rxc3 {[%emt 0:00:13]} Rc7 {[%emt 0:00:16]} 30. Rb1 {[%emt 0:01:46]} Rb6 {[%emt 0:00:23]} 31. Rb4 {[%emt 0:04:21]} Ke7 {[%emt 0:01:20]} 32. Kf1 {[%emt 0:00:48]} f5 {[%emt 0:05:34]} 33. Ke1 {[%emt 0:01:52]} a3 {[%emt 0:02:11]} 34. Rxa3 {[%emt 0:00:55]} Rcxc6 {[%emt 0:00:27]} 35. Ra7+ {[%emt 0:00:32]} Kf6 {[%emt 0:00:14]} 36. bxc6 {[%emt 0:00:41]} Rxb4 {[%emt 0:00:02]} 37. f4 $11 {[%emt 0:00:26]} 1/2-1/2